Los pactos prenupciales en previsión de la crisis matrimonial. Una relectura de las capitulaciones matrimoniales en Chile.
Uloženo v:
| Hlavní autor: | |
|---|---|
| Médium: | Neznámo |
| Jazyk: | angličtina |
| Vydáno: |
Santiago, Chile:
Legal Publishing; Thomson Reuters,
2020.
|
| Vydání: | 1a. edición. |
| Edice: | Monografías.
|
| Témata: | |
| Tagy: |
Přidat tag
Žádné tagy, Buďte první, kdo vytvoří štítek k tomuto záznamu!
|
MARC
| LEADER | 00000 a2200000 4500 | ||
|---|---|---|---|
| 003 | CL-VaPUC | ||
| 005 | 20220822114417.0 | ||
| 008 | 210107t2020 ||||| |||| 00| 0 eng d | ||
| 999 | |c 432497 |d 432495 | ||
| 020 | |a 978-956-400-162-3 | ||
| 040 | |c Pontificia Universidad Católica de Valparaíso | ||
| 082 | |a 346.016 WEG 2020 | ||
| 100 | |a Wegner Astudillo, Veronika |9 859290 |e autora | ||
| 245 | |a Los pactos prenupciales en previsión de la crisis matrimonial. |b Una relectura de las capitulaciones matrimoniales en Chile. | ||
| 250 | |a 1a. edición. | ||
| 260 | |a Santiago, Chile: |b Legal Publishing; |b Thomson Reuters, |c 2020. | ||
| 300 | |a 375 páginas. | ||
| 440 | |a Monografías. |9 856527 | ||
| 500 | |a c.2 Donación Familia Prof. Alejandro Guzmán Brito. | ||
| 505 | |a Contiene códigos QR con material adicional. | ||
| 583 | |k Cristina Rojas |c 20210107 | ||
| 650 | |a Matrimonio |x Acuerdos prenupciales |9 859453 | ||
| 852 | |a BIBCUR | ||
| 942 | |2 ddc |c BK |n 0 | ||
| 952 | |0 0 |1 0 |2 ddc |4 0 |6 346_016000000000000_WEG_2020 |7 0 |8 A |9 577446 |a BIBDER |b BIBDER |d 2021-01-07 |e 31 |g 0.00 |i 5581958 |l 3 |m 1 |o 346.016 WEG 2020 |p 5581958 |r 2025-05-09 |s 2025-03-04 |t 1 |v 0.00 |w 2021-01-07 |y BK |k DER | ||
| 952 | |0 0 |1 0 |2 ddc |4 0 |6 346_016000000000000_WEG_2020 |7 1 |8 C_AGB |9 580891 |a BIBDER |b BIBDER |d 2022-01-27 |e Donación |i 5642353 |o 346.016 WEG 2020 |p 5642353 |r 2023-01-25 |t 2 |w 2022-01-27 |y BK_US |k AGB | ||